Tekst piosenki ''Kocham Cię jak Irlandię'' - Statystyki

Ogólne statystyki
  • Ten quiz został rozwiązany 237 razy
  • Średni wynik to 27 z 32
Statystyki odpowiedzi
Tekst: Brakujące Słowa: % Poprawnych
A Ty się temu nie ..., Dziwisz
98%
A Ty się temu nie ..., Dziwisz
98%
A Ty się temu nie ..., Dziwisz
98%
A Ty się temu nie ..., Dziwisz
98%
Wiesz ..., co byłoby dalej, Dobrze
95%
Wiesz ..., co byłoby dalej, Dobrze
95%
Wiesz ..., co byłoby dalej, Dobrze
95%
Wiesz ..., co byłoby dalej, Dobrze
95%
Gdybym nie kochał Cię ... Wcale
95%
Gdybym nie kochał Cię ... Wcale
95%
Gdybym nie kochał Cię ... Wcale
95%
Gdybym nie kochał Cię wcale, Cię ... Wcale
95%
... byśmy byli szczęśliwi, Jak
94%
... byśmy byli szczęśliwi, Jak
94%
... byśmy byli szczęśliwi, Jak
94%
... byśmy byli szczęśliwi, Jak
94%
Znikałaś gdzieś w domu nad ..., Wisłą
88%
Czy to dla ... coś znaczy Ciebie
87%
... to tak dokładnie, Pamiętam
85%
... kocham Cię jak Irlandię? Że
85%
... kochać Cię jak Irlandię. By
84%
Działałem ... nieporadnie. Tak
83%
Czy mi to kiedyś ...? Wybaczysz
79%
Gdzieś na ulicy ... Fabrycznej
73%
... nam się wypadnie, Spotkać
72%
... kocham Cię jak Irlandię. Wciąż
67%
Twoich ... oczu bliskość, Czarnych
65%
Z nadzieją, że mi ją ..., Skradniesz
64%
Wlokę ten ból przez ..., Włocławek
63%
... Cię jak Irlandię. Kochając
61%
Przed ... żywić obawę Szczęściem
60%
Lecz takie są ... wytyczne, Widać
59%
Nie znaleziono quizów pasujących do podanych kryteriów
Rozkład punktacji
Procent ludzi z każdym wynikiem
Percentyl według liczby udzielonych odpowiedzi
Twoja historia wyników
Nie rozwiązałeś tego quizu